Fiscal management and economic reform in the people's republic of China (Record no. 1318931)

MARC details
000 -LEADER
fixed length control field 00629nam a2200193Ia 4500
005 - DATE AND TIME OF LATEST TRANSACTION
control field 20250507130318.0
008 - FIXED-LENGTH DATA ELEMENTS--GENERAL INFORMATION
fixed length control field 008 250505s9999 xx 000 0 eng d
037 ## - SOURCE OF ACQUISITION
Stock number Annuals, Advances
040 ## - CATALOGING SOURCE
Original cataloging agency EASL
Language of cataloging eng
Transcribing agency EASL
041 ## - LANGUAGE CODE
Language code of text/sound track or separate title eng
Source of code eng
084 ## - COLON CLASSIFICATION NUMBER
Classification number X.41.N94, N5
Assigning agency EASL
100 ## - MAIN ENTRY--PERSONAL NAME
Personal name Wong Christine P.W. Etc
9 (RLIN) 650079
245 #0 - TITLE STATEMENT
Title Fiscal management and economic reform in the people's republic of China
260 ## - PUBLICATION, DISTRIBUTION, ETC.
Place of publication, distribution, etc. UK
Name of publisher, distributor, etc. Oxford Asian devolopment bank by Oxford University Press
Date of publication, distribution, etc. 1995
300 ## - PHYSICAL DESCRIPTION
Extent 267p.
365 ## - TRADE PRICE
Price type code P
Price amount 20.00
942 ## - ADDED ENTRY ELEMENTS (KOHA)
Koha item type Textual
Classification part X.41.N94, N5

No items available.

Copyright @ Delhi University Library System